000 00285nam a22001337a 4500
008 181102b xxu||||| |||| 00| 0 eng d
020 _a0534007902
041 _aeng
080 _a101
100 _a24
101 _aFIL
245 _aFirst Philosophy
_cHocutt,M
942 _2udc
_cBK
999 _c51768
_d51768